000 00791nam a22002657a 4500
001 BR9704325
003 BR-BrBNA
005 20230928095723.0
007 ta
008 230509b bl.||||| |||| 00| 0 por d
040 _aBR-BrBNA
_bpor
_cBiblioteca Nacional de Agricultura
041 _a(Por)
072 _aE16
_b0120
090 _ 0120 BR9704325
110 1 _aEmpresa de Assistencia Tecnica e Extensao Rural do Estado de Minas Gerais, Belo Horizonte (Brasil)
245 1 _aResultado do concurso de produtividade de milho 96/97 e panorama do milho
260 3 _aBelo Horizonte, MG (Brasil):
_c1997.
300 _avp.
500 _aNumerical Date
650 _aMilho
650 _aProdutividade
650 _aMinas Gerais
909 _a202309
_bLucia
_c55
_dLucia Elande
942 _cBK
999 _c58275
_d58275